| 000 | 01559cam a22002054a 4500 | ||
|---|---|---|---|
| 005 | 20250605164150.0 | ||
| 008 | 250528s ||||||||||||||||||||||||d | ||
| 035 | _a19354 | ||
| 020 | _a9607536061 | ||
| 040 |
_aGR-AtMCL _bgre _dGR-AtMCL _eAACR2 |
||
| 245 | 1 | _aΤο Παρόν και το Μέλλον των Ελληνικών Τραπεζών / Επίκαιρα Θέματα 12 | |
| 260 |
_bΊδρυμα Οικονομικών Και Βιομηχανικών Ερευνων, _c1997 |
||
| 300 | _a88 | ||
| 520 | _aΠρόλογος ΙΟΒΕ, Βασικά Χαρακτηριστικά του Ελληνικού Τραπεζικού Συστήματος, Αποκανονικοποίηση και Απελευθέρωση Αγορών, Διεθνείς Τάσεις, Η Ελληνική Εμπειρία, Άρση Ελέγχων και Περιορισμών και Απαγορεύσεων, Συνέπειες, Διαχείριση Κινδύνων, Αγορές Χρεογράφων και Πηγές Εσόδων, Οργάνωση του Κλάδου, Εξαγορές και Συγχωνεύσεις, Απασχόληση, Μελλοντικές Τάσεις, Το Τραπεζικό Σύστημα στα Πλαίσια του Τρίτου Στάδιο της ΟΝΕ, Εξελίξεις και Στρατηγικές Επιλογές, Περίληψη και Συμπεράσματα, Βιβλιογραφία. | ||
| 700 | 1 |
_aΜόσχος Δ _95602 |
|
| 700 | 1 |
_aΦραγγέτης Δ _95603 |
|
| 942 | _cBK | ||
| 999 |
_c4611 _d4611 |
||